| 000 | 00506cam a22001934a 4500 | ||
|---|---|---|---|
| 005 | 20250605164309.0 | ||
| 008 | 250528s ||||||||||||||||||||||||d | ||
| 035 | _a22414 | ||
| 020 | _a9789603431299 | ||
| 040 |
_aGR-AtMCL _bgre _dGR-AtMCL _eAACR2 |
||
| 245 | 1 | _aΘΕΩΡΙΕΣ ΥΠΑΝΑΠΤΥΞΗΣ | |
| 250 | _a2 | ||
| 260 |
_bΑδελφοι Κυριακιδη, _c2000 |
||
| 300 | _a205 | ||
| 700 | 1 |
_aΑργυρης Θανασης _98250 |
|
| 942 | _cBK | ||
| 999 |
_c7467 _d7467 |
||